1271 1938 1929 1145 1740 1021 1463 1554 1584 1847 1844 1260 1740 1161 1594 1596 1818 1922 1678 1529 1991 1190 1496 1140 1337 1774 1038 1180 1612 1393 1558 1070 1523 1122 1058 1618 1201 1502 1552 1777 1629 1069 1585 1446 1592 1402 1828 1525 1464 1551 1298 1570 1977 1196 1714 1418 1523 1009 1738 1304 1294 1479 1178 1471 1652 1163 1190 1450 1806 1696 1619 1863 1601 1250 1327 1668 1261 1743 1151 1080 1234 1754 1979 1591 1850 1305 1400 1612 1039 1341 1417 1989 1156 1116 1944 1112 1442 1603 1069 BCNSPRNW ULIB Ver.6.0+V

เปลี่ยนเป็นภาษาไทย

Change to English
 แสดงรายละเอียดบรรณานุกรม
  กลับหน้าหลัก

Brief Record : Get Marc (ISO 2709) : E-mail record : QR code < ปิดหน้าต่าง
LEADER : 00000nam 2200000uu 4500
001    13399127163
003     ULIB
008    191018s2562||||th 000 0 tha d
020 ^- ^a9786160036073
050 ^- ^aนว.^bบ895อ^cล.1
100 ^- ^aแบมแบม.
245 10 ^aอาณาจักรพระอาทิตย์ เล่ม 1- 2 (SETTING SUN) /^cแบมแบม.
250 ^- ^aพิมพ์ครั้งที่ 1.
260 ^- ^aปทุมธานี :^bDeep,^c2562
300 ^- ^a308 หน้า.
945    ^p325^l0^i006349
999    ^aประนอม เกษจรัล
รายการนี้ยังไม่มีแท็ก
คุณยังไม่ได้ล็อกอิน คุณสามารถมีกิจกรรมร่วมกับเว็บไซต์ได้ แต่ต้องล็อกอินก่อน ::
  ล็อกอิน

รายการสื่อสารสนเทศ

ลำดับที่ ประเภท เลขเรียก/บาร์โค้ด สถานที่ สถานะ
1. นวนิยาย
นวนิยาย
นว. บ895อ ล.1 ฉ.1 
  Barcode: 006349
ห้องสมุดวิทยาเขตนครสวรรค์
►นวนิยาย:l:Fiction
บนชั้น

รายการใกล้เคียง
    ผู้แต่ง [แบมแบม.]

BibComment


ยังไม่เคยถูกคอมเมนท์

คอมเมนท์ทรัพยากรรายการนี้
  คอมเมนท์: อาณาจักรพระอาทิต..


 Copyright 2026. Bcnsprnw @Library